Carabás 2 : primaria : primer ciclo

Gespeichert in:
Bibliographische Detailangaben
1. Verfasser: López Narváez, Concha
Weitere Verfasser: Salmerón, Carmelo
Format: Buch
Sprache:Spanisch
Erschienen: Madrid : Anaya, cop. 1992
Katalog:MANES:  Suchergebnis im Bibliothekskatalog
Schulbuchspezifische Eigenschaften:
Tags: Tag hinzufügen
Keine Tags, Fügen Sie den ersten Tag hinzu!
Hinzugefügt zu:02.09.2003
Geändert in:09.03.2026

MARC

LEADER 00000nam a2200000 a 4500
001 .b2238886
003 ES-BaCBU
005 20260309120528.0
008 030903s1992 sp a b|l 000 ||spa|c
020 |a 8420745642  |a 8420748390 
035 |a 8420745642  |a 0773-91460 
040 |a ES-BaCBU  |b cat  |c ES-BaCBU  |d ES-BaUB 
100 1 |a López Narváez, Concha  |9 1131 
245 1 0 |a Carabás 2 :  |b primaria : primer ciclo /  |c Concha López Narváez, Carmelo Salmerón 
260 |a Madrid :  |b Anaya,  |c cop. 1992 
300 |a 177 p.:  |b principalment il. col.;  |c 28 x 19,5 cm.  
500 |a Cartulina. Ilustraciones en color de Emilio Urberuaga. Depósito Legal: M. 4.287-1992. I.S.B.N.: 84-207-4564-2. En última página: “Este material curricular forma parte del Proyecto Editorial para el primer ciclo de la Educación Primaria, que ha sido supervisado por el Ministerio de Educación y Ciencia con fecha 11 de marzo de 1992”.  
546 |a España 
561 |5 es-CRAI  |3 p1 TX EP 2/2 ANA  |a España. Biblioteca Universitat de Barcelona  |k MANES 
690 0 |a LEN  |a EyL 
691 0 |a PRI 
700 1 |a Salmerón, Carmelo  |9 1132 
856 |y Registro en Cercabib - CRAI 
942 |2 ddc  |c BK 
999 |c 89350  |d 89350 
999 |c manes:89350  |d 89350